[Event "Metz op 31th"]
[Site "Metz"]
[Date "2013.04.23"]
[Round "5"]
[White "Jankovic, Alojzije"]
[Black "Nisipeanu, Liviu Dieter"]
[Result "1/2-1/2"]
[WhiteElo "2537"]
[BlackElo "2677"]
[Annotator "Metz Alekhine/Primel,D"]
[PlyCount "69"]
[EventDate "2013.04.20"]
[EventType "swiss"]
[EventRounds "9"]
[EventCountry "FRA"]
[SourceTitle "EXT 2016"]
[Source "ChessBase"]
[SourceDate "2015.10.08"]
[SourceVersion "1"]
[SourceVersionDate "2015.10.08"]
[SourceQuality "1"]
[TimeControl "40/5400:1800+30"]
[WhiteClock "1:30:00"]
[BlackClock "1:30:00"]

1. d4 Nf6 2. c4 e6 3. Nf3 b6 4. g3 Bb7 5. Bg2 Bb4+ 6. Bd2 Bxd2+ 7. Qxd2 O-O 8.
Nc3 Ne4 9. Qd3 $5 {Une vieille idée de Tal} (9. Qc2 {La ligne principale} Nxc3
10. Ng5) (9. Nxe4 Bxe4 10. O-O d6 11. Qe3 Bb7 12. Rfd1 Nd7 13. d5 Re8 14. Qd2
a5 15. Nd4 Nc5 16. dxe6 fxe6 17. Bxb7 Nxb7 18. Nb5 Rf8 19. Qe3 Nc5 20. b3 Rf7
21. a3 Qf6 22. Rab1 e5 23. Nc3 Raf8 24. f3 Ne6 25. Rd3 g5 26. b4 axb4 27. axb4
g4 28. Qe4 Qh6 29. Rf1 Kh8 30. h4 Nf4 31. gxf4 Rxf4 32. Qe3 Rg8 33. Rf2 Qxh4
34. fxg4 Rfxg4+ {0-1 (34) Duda,J (2553)-Yu,Y (2677) Wijk aan Zee 2014}) 9...
Nxc3 $5 (9... f5 {Polugaevsky,L (2590)-Dokhoian,Y (2520) Belgrade GMA op 1988
1-0}) 10. Ng5 {[%csl Rh7][%cal Gg2b7] Le piège de Monticelli comme
l'appellait Tartakover} Ne4 {La réhabiliation de la variante Nc3} 11. Nxe4 d5
12. cxd5 Bxd5 13. O-O a5 $146 (13... Nc6 14. Rfd1 Qe7 15. Nc3 Bxg2 16. Kxg2
Rad8 17. Qe4 Rd6 18. Rac1 a6 19. Nb5 axb5 20. Rxc6 Qd7 21. Rdc1 Rxd4 22. Qe5
Qd5+ 23. Qxd5 Rxd5 24. Rxc7 g6 25. R1c2 b4 26. R2c4 b3 27. axb3 Rd2 28. Rc2
Rfd8 29. Kf3 R2d5 30. Rc8 Rxc8 31. Rxc8+ Kg7 32. Rc4 Rb5 33. b4 Rd5 34. Ke3 Kf6
35. Rc6 Rb5 36. Kd3 Rxb4 37. Kc3 Rb5 38. b4 Ke7 39. Rc7+ Kf6 40. Rc6 Ke7 41.
Rc7+ Kf6 42. Rb7 Re5 43. e3 {Pashikian,A (2639)-Andreikin,D (2669) Plovdiv
2010 0-1 (61)}) 14. Bh3 $5 {[%cal Ge4c3] Evite l'échange des B} (14. Nc3 Bxg2
15. Kxg2 Na6 16. a3 (16. e4 Nb4 17. Qd2 c5 $132) 16... Qd7 17. Rad1) 14... Na6
15. Nc3 Bb7 16. a3 Qd6 17. Rfd1 (17. e4 Rfd8 18. Rfd1 c5 19. d5 exd5 20. exd5
Nc7 21. Bg2 Ba6) 17... Rfd8 18. Bg2 {Le signe que les Blancs n'ont rien obtenu
de l'ouverture} Bxg2 19. Kxg2 c5 20. d5 $1 Nc7 21. dxe6 Qc6+ 22. Qf3 Qxf3+ 23.
Kxf3 {[%cal Gf3c6] Les Blancs ont un petit avantage dans la finale en cas
d'échange des R avec un Kf3 centralisé qui peut arriver rapidement à
l'aile-dame} Nxe6 24. Nb5 (24. Rxd8+ $5 {Semblait plus logique} Rxd8 25. Rd1
Rxd1 26. Nxd1 Kf8 27. Ke4 Ke7 28. Ne3 Kd6 (28... Nd4 29. Nd5+ Kd6 30. Nxb6 Nxe2
31. Nc4+) 29. Nc4+ Kc7 30. Kd5 $16 {[%csl Gd5]}) 24... Kf8 25. a4 {[%csl Rb6]
[%cal Gb5a3,Ga3c4]} Ke7 26. e3 h5 (26... f5 {[%csl Ge4]}) 27. Na3 Ng5+ 28. Ke2
Ne4 29. Nc4 $14 Rab8 30. f3 Nd6 $1 31. Ne5 Rbc8 32. Rd5 f6 33. Ng6+ Kf7 34.
Rad1 Kxg6 35. Rxd6 1/2-1/2

[Event "Metz op 31th"]
[Site "Metz"]
[Date "2013.04.25"]
[Round "9"]
[White "Bauer, Christian"]
[Black "Donchenko, Alexander"]
[Result "1/2-1/2"]
[WhiteElo "2637"]
[BlackElo "2428"]
[Annotator "Metz Alekhine/Primel,D"]
[PlyCount "125"]
[EventDate "2013.04.20"]
[EventType "swiss"]
[EventRounds "9"]
[EventCountry "FRA"]
[SourceTitle "EXT 2016"]
[Source "ChessBase"]
[SourceDate "2015.10.08"]
[SourceVersion "1"]
[SourceVersionDate "2015.10.08"]
[SourceQuality "1"]
[TimeControl "40/5400:1800+30"]
[WhiteClock "1:30:00"]
[BlackClock "1:30:00"]

1. d4 d5 2. Nf3 e6 3. g3 Nf6 4. Bg2 c5 5. O-O (5. c4 {Aurait transposé dans
une Catalane ou une Tarrasch}) 5... b6 $6 {Transpose dans une Ouest-Indienne
mais avec une poussée c5 prématurée} (5... Nc6 $142 {La grande ligne} 6. c4
dxc4 7. Qa4 (7. Ne5 Bd7 8. Na3 cxd4 9. Naxc4) 7... Bd7 8. Qxc4 b5 $11) 6. c4 $1
Bb7 7. Bg5 $6 (7. cxd5 $142 exd5 8. Nc3 Be7 9. Re1 O-O 10. Bf4 {Aurait
retombé sur une grande ligne de l'Ouest-Indienne} Nbd7 {Le Quang,L (2689)
-Sadvakasov,D (2627) Asia rap (Men) 16th rapid 2010 (6) 1/2-1/2}) (7. Nc3 Be7
8. cxd5 exd5 9. Re1) (7. Ne5 $5 {[%cal Gg2b7]} Nbd7 8. Qa4 (8. cxd5 Nxd5 9. e4
N5f6 10. Nc3 cxd4 11. Qxd4 Bc5 12. Qa4 {[%cal Gf1d1]}) 8... Be7 9. dxc5 (9. Nc3
cxd4 10. cxd5 dxc3 11. dxe6) 9... Bxc5 10. Nc3) 7... Be7 (7... dxc4 $5 {
Peut-être un moindre mal pour les Noirs pour éviter la prise cd5} 8. Na3 c3
9. bxc3 cxd4 10. cxd4 Be7 11. Nc4 O-O 12. Rc1 $32) 8. Nc3 Nbd7 9. Qa4 $1 {
[%cal Ga4e8,Gf1d1,Gd1d8]} O-O 10. Rfd1 $14 {[%cal Gd1d8]} Qe8 {[%cal Ge8a4]
Evite le vis-à-vis avec la Rd1 mais la Qe8 est assez mal placée et les
Blancs vont accentuer l'avance de développement.} (10... h6 11. Be3 (11. cxd5
$5 hxg5 12. dxe6 fxe6 (12... Bxf3 13. Bxf3 fxe6 14. dxc5 Bxc5 15. b4 (15. Bxa8
Qxa8) 15... Bxf2+ 16. Kxf2 Rc8 17. Nb5 (17. Rac1 g4)) 13. Nxg5 $44 {[%csl Rb7,
Rd8,Rf8][%cal Gg5e6]})) 11. Rac1 $32 h6 12. Be3 dxc4 13. dxc5 Nxc5 14. Qxe8 (
14. Qxc4 $143 Rc8 {[%cal Gc8c4]}) 14... Rfxe8 15. Ne5 $1 {[%csl Rc6][%cal
Ge5c4]} Bxg2 16. Kxg2 Rec8 (16... Rac8 17. Nxc4) 17. Nxc4 Nce4 18. Nxe4 Nxe4
19. f3 Nf6 20. Bd4 Rc7 21. a4 Rac8 22. b3 Nd7 23. Rd3 Bf6 24. Bxf6 gxf6 $1 (
24... Nxf6 25. Rcd1 Kf8 26. Kf2) 25. Rcd1 Nc5 {[%cal Gc5d3,Gc5b3]} 26. Rd8+ Kh7
27. Rxc8 Rxc8 28. Ne3 Kg6 (28... Nxb3 $143 29. Rd7 {[%csl Gd7]}) 29. Rb1 Rd8
30. Kf2 Rd4 31. Nc2 Rd2 $132 {[%csl Rb1,Rb3,Rc2,Gd2] Les pièces Noires sont
plus actives} 32. Nb4 Rd4 33. Nc6 {Un coup naturel mais le N sera ensuite
hors-jeu} Rd7 34. Ke3 e5 35. f4 (35. a5 Rc7) 35... Kf5 36. fxe5 fxe5 37. g4+
Ke6 38. h3 a5 $1 {[%csl Rc6][%cal Ge6d6]} 39. b4 $8 Nxa4 40. bxa5 bxa5 41. Nxa5
$11 {Après la liquidation de l'aile-dame, la nulle sera difficile à éviter
pour le GMI} Nc3 42. Rb8 Nd5+ 43. Kf3 Rc7 44. Rb3 f6 45. Nb7 {Le N a du mal à
trouver des cases centrales} Rc1 46. e3 Rf1+ 47. Ke4 Ne7 48. Rb6+ (48. Nc5+ Kd6
49. Nd3) 48... Kd7 49. Nc5+ Ke8 50. Nb7 {[%cal Gb7d6,Gd6f5,Gf5h6]} (50. h4 $5
$14 {[%csl Ge4,Re8,Rf6]}) 50... Kd7 51. Nd6 Ra1 52. Nf5 $1 {Le GMI a enfin
réussi à activer le N} Ra4+ 53. Kf3 Nxf5 54. gxf5 Ke7 55. Rb7+ Kf8 56. e4 (
56. Rh7 Rh4 57. Kg3 Re4 58. Rxh6 Kg7 59. Rg6+ Kf7 60. Kf3 Rh4 61. Rg3 {[%cal
Gf3g2] Avec un K Noir coupé, la défense des Noirs n'est pas facile mais
c'est probablement encore nulle} Rh5 62. Ke4 {[%cal Ge4d5]} (62. e4 Rh4) 62...
Ke7 63. Kd5 Rxf5 64. Rg7+ Kf8 65. Ke6 Rf3 66. Rf7+ Kg8 67. e4 Rf4) 56... h5 57.
Rb3 Kg7 58. Rd3 Rb4 59. Ke3 Kh6 60. h4 Kg7 61. Rd7+ Kg8 62. Kd3 Ra4 63. Rd8+
1/2-1/2

[Event "Metz op 31th"]
[Site "Metz"]
[Date "2013.07.24"]
[Round "7"]
[White "Jankovic, Alojzije"]
[Black "Dgebuadze, Alexandre"]
[Result "1/2-1/2"]
[WhiteElo "2537"]
[BlackElo "2515"]
[Annotator "Metz Alekhine/Primel,D"]
[PlyCount "50"]
[EventDate "2013.04.20"]
[EventType "swiss"]
[EventRounds "9"]
[EventCountry "FRA"]
[SourceTitle "EXT 2016"]
[Source "ChessBase"]
[SourceDate "2015.10.08"]
[SourceVersion "1"]
[SourceVersionDate "2015.10.08"]
[SourceQuality "1"]
[TimeControl "40/5400:1800+30"]
[WhiteClock "1:30:00"]
[BlackClock "1:30:00"]

1. d4 e6 2. c4 Nf6 (2... Bb4+) 3. Nf3 Bb4+ 4. Bd2 a5 (4... Qe7) 5. g3 b6 6. Bg2
Bb7 7. O-O O-O 8. Bg5 Be7 9. Qc2 Be4 10. Qd2 h6 11. Bxf6 Bxf6 12. Nc3 Bh7 $146
(12... d5 13. Rfd1 Nc6 14. e3 {Benjamin,J (2575)-Speelman,J (2615) Hastings
8788 1987 (5) 1/2-1/2}) 13. e4 $14 {[%csl Rh7]} Na6 14. Rad1 {Les Blancs ont
un petit avantage d'espace et un meilleur développement mais la position
noire reste solide} c6 15. h4 (15. e5 Be7 16. Rfe1 {[%cal Gc3e4]} Bb4 17. a3
Bxc3 18. Qxc3 Rc8 19. b4 {[%csl Ra6]}) 15... Rb8 $5 {[%cal Gb6b5]} 16. h5 {
[%csl Rg7,Rh6]} b5 17. e5 Be7 18. c5 $5 {[%csl Ra6,Rb8,Rd7][%cal Gf3e1,Gf2f4]
Ferme le centre pour tentrer de prendre l'initiative à l'aile-roi} b4 19. Ne2
Nc7 {[%cal Gc7d5]} 20. Nf4 Nd5 21. Nxd5 cxd5 22. Nh2 {[%cal Gf2f4,Gh2g4]} f6
23. Ng4 (23. f4 {[%cal Gh2g4]} fxe5 24. fxe5) 23... Bf5 24. exf6 Bxg4 25. fxe7
Qxe7 1/2-1/2

[Event "Monte Carlo FIDE GP (Women)"]
[Site "Monte Carlo"]
[Date "2015.10.05"]
[Round "3"]
[White "Koneru, Humpy"]
[Black "Skripchenko, Almira"]
[Result "1-0"]
[WhiteElo "2578"]
[BlackElo "2441"]
[Annotator "Mikhalchishin,A"]
[PlyCount "59"]
[EventDate "2015.10.03"]
[EventType "tourn"]
[EventRounds "11"]
[EventCountry "MNC"]
[EventCategory "11"]
[SourceTitle "CBM 169"]
[Source "ChessBase"]
[SourceDate "2015.11.10"]
[SourceVersion "1"]
[SourceVersionDate "2015.11.10"]
[SourceQuality "1"]
[WhiteClock "0:04:44"]
[BlackClock "0:03:06"]

1. d4 Nf6 2. c4 e6 3. Nf3 b6 4. g3 Bb4+ 5. Nbd2 Bb7 6. Bg2 c5 7. a3 ({Here} 7.
dxc5 {is considered to be strong enough:} Bxc5 8. O-O O-O 9. a3 a5 (9... Be7
10. b4 a5 11. b5 d6 12. Bb2 e5 13. Nh4 Bxg2 14. Nxg2 Nbd7 15. a4 Nc5 16. Ne3
Qd7 17. Nb1 Qe6 18. Nc3 {Istratescu,A (2619)-Cornette,M (2586)/Saint-Quentin
FRA 2015, The white control of the d5-square is very serious.}) 10. b3 Qe7 11.
Bb2 d5 12. Ne5 Rd8 13. cxd5 Nxd5 14. Nd3 Nd7 15. Ne4 Rab8 16. Qc2 Rdc8 17. Qd2
Qf8 18. Nexc5 Nxc5 19. Nxc5 Rxc5 20. Rfc1 {Can,E (2555)-Postny,E (2647)/
Jerusalem ISR 2015, The pair of bishops is a serious advantage here.}) ({
Here even the typical} 7. d5 {has been tried:} exd5 8. Nh4 O-O 9. O-O Re8 10.
Nb1 d6 11. a3 Ba5 12. cxd5 b5 13. Nf5 Bc8 14. Ne3 Nbd7 15. Nc2 Ne5 16. b4 Bb6
17. Nc3 Bd7 18. Bg5 h6 19. Bxf6 Qxf6 20. bxc5 Bxc5 (20... dxc5 $142) 21. Ne4
Qg6 {with unclear play, Moiseenko,A (2692)-Riazantsev,A (2684)/Wroclaw POL
2014.}) 7... Bxd2+ 8. Bxd2 ({Usually} 8. Qxd2 {has been tried here:} cxd4 9.
Qxd4 Nc6 10. Qc3 (10. Qd3 Ne5 11. Qd4 Nxf3+ 12. exf3 Rc8 13. Be3 Ba6 14. Rc1
O-O 15. b4 d5 16. b5 Bb7 17. f4 Ba8 18. O-O Rxc4 19. Rxc4 dxc4 20. Qxc4 Bxg2
21. Kxg2 Qa8+ 22. Kg1 Rc8 {Vallejo Pons,F (2679)-Carlsen,M (2690)/Monte Carlo
2007, Black got nice play.}) 10... Rc8 11. O-O Na5 12. b3 d5 13. Rd1 O-O 14.
Bb2 (14. Qb2 Qe7 (14... Ne4 15. Be3 Qe7 16. Nd2 Nf6 17. Bd4 Rfd8 18. cxd5 Bxd5
19. b4 Nc4 20. Nxc4 Bxc4 21. a4 Bd5 22. e4 Nxe4 23. Bxg7 f6 24. Bxe4 Kxg7 25.
Bxd5 Rxd5 26. Rxd5 exd5 {1/2 Granda Zuniga,J (2615)-Nikolic,P (2635)/Buenos
Aires 1992/TD (34). Black's king problem can be serious,}) 15. Bd2 Rfd8 16. Bb4
Qc7 17. Rac1 dxc4 18. Rxd8+ Qxd8 19. Bxa5 bxa5 20. bxc4 Qb6 21. Qxb6 axb6 22.
Ne5 Bxg2 23. Kxg2 Ne4 {Kempinski,R (2603)-Riazantsev,A (2710)/Warsaw 2011, The
position is equal.}) 14... Qe7 15. Ne5 dxc4 16. Bxb7 Nxb7 17. bxc4 Nc5 18. a4
Nfe4 19. Qe3 f6 20. Nd3 e5 21. Ba3 Rc7 22. f3 Nc3 23. Rd2 N3xa4 24. Nb4 Qf7 {
Romanov,E (2625)-Akopian,V (2660)/Jerusalem ISR 2015, with sharp play.}) 8...
cxd4 ({The old} 8... O-O {is not the right idea:} 9. dxc5 bxc5 10. b4 cxb4 11.
axb4 d6 12. O-O Qc7 13. Qb3 Nbd7 14. Rfc1 Rfc8 15. Bf4 e5 16. Bd2 a6 17. Ra5 {
Kortschnoj,V-Parma,B/Zagreb 1970, with better play for White,}) 9. O-O {
An interesting pawn sacrifice for control of the black squares.} (9. Bb4 {
has been tried here:} Na6 (9... Qc7 10. Qxd4 Na6 11. Qd2 Nxb4 12. Qxb4 Rc8 13.
Rc1 a5 14. Qd2 d5 15. Nd4 O-O 16. O-O dxc4 17. Nb5 Qc5 18. Bxb7 Rcd8 19. Qc2
Qxb5 {Perunovic,M (2419)-Nestorovic,D (2427)/Senta 2008, with a nice position.}
) 10. Bd6 Ne4 11. Be5 O-O 12. O-O d6 13. Bxd4 e5 14. Be3 Qc7 15. Rc1 Nac5 16.
b4 Ne6 17. Qb3 Rac8 18. Rfd1 Rfd8 19. Bh3 Qe7 20. c5 $1 {Gheorghiu,F (2540)
-Hecht,H (2490)/Bensheim 1979, with a serious positional initiative.}) 9...
Bxf3 ({Weaker was} 9... O-O 10. Bb4 Re8 11. Bd6 Ne4 12. Qxd4 Nxd6 13. Qxd6 Qe7
14. Rfd1 Qxd6 15. Rxd6 Kf8 16. Rad1 {Demarre,J (2290)-Silva Lillo,S (2348)/
France 2002, White's grip is unpleasant.}) 10. Bxf3 Nc6 11. Bf4 O-O 12. Bd6 Re8
13. b4 $5 ({Not too much was promised by returning the pawn:} 13. Bxc6 dxc6 14.
Qxd4 c5 15. Qf4 Nh5 16. Qd2 Qd7 17. Rad1 e5 18. b4) 13... e5 $1 {Sacrificing
an exchange.} 14. b5 Na5 $6 ({There was the very promising} 14... e4 15. Bg2
Na5 16. Rc1 Rc8 17. c5 Nb7 18. Qxd4 bxc5 19. Bxc5 Nxc5 20. Rxc5 Qb6 21. Rc4
Rxc4 22. Qxc4 d5) 15. Bxa8 Qxa8 16. Rc1 Nb7 ({Tactics were not too promising
here} 16... Nxc4 17. Rxc4 Qd5 18. Qa4 Qxd6 19. Qxa7 Nd5 20. a4) 17. Bb4 d6 18.
e3 $1 {The centre has to be opened immediately!} dxe3 (18... Nc5 {would not be
very different:} 19. exd4 exd4 20. f3 d5 21. Bxc5 bxc5 22. Re1) 19. fxe3 ({
Here there was an interesting and good try} 19. f3 $5 Nc5 20. Re1) 19... Re6
20. Qf3 $1 h6 21. Rc2 Qc8 22. Rd1 Nc5 $2 ({It was better to keep the position
with} 22... Qc7) 23. Qc6 $1 Qb8 24. Bxc5 dxc5 ({Even worse was} 24... bxc5 25.
a4 h5 26. a5 h4 27. b6) 25. Rcd2 $1 Re8 26. Rd6 $1 {Now White is on a winning
course} e4 27. Rxf6 $1 {The simplest realisation is the attack on the king!}
gxf6 28. Qxf6 Qc8 29. Qxh6 Qg4 30. Rd5 1-0

[Event "URS-ch47 First League"]
[Site "Frunze"]
[Date "1979.10.??"]
[Round "17"]
[White "Tukmakov, Vladimir B"]
[Black "Vitolinsh, Alvis"]
[Result "0-1"]
[WhiteElo "2575"]
[BlackElo "2430"]
[Annotator "Moiseev,V"]
[PlyCount "104"]
[EventDate "1979.10.??"]
[EventType "tourn"]
[EventRounds "17"]
[EventCountry "URS"]
[EventCategory "9"]
[SourceTitle "MCL"]
[Source "ChessBase"]
[SourceDate "1999.07.01"]
[SourceVersion "1"]
[SourceVersionDate "1999.07.01"]
[SourceQuality "1"]

1. d4 Nf6 2. c4 e6 3. Nf3 Bb4+ 4. Bd2 c5 5. Bxb4 cxb4 6. Nbd2 O-O 7. g3 b6 8.
Bg2 Bb7 9. O-O (9. Nf1 $5 b5 $5 10. c5 d6 11. cxd6 Qxd6 12. N1d2 $1 Nbd7 13.
O-O Rac8 14. Nb3 Rfd8 $6 (14... a6 $5 15. Qd3 Be4 {Tukmakov/}) 15. Qd3 Qb6 16.
Rfc1 $14 {Tukmakov,V-Nikolic,P/Burgas/1993/0,5/34/}) 9... d6 10. Rc1 $6 (10.
Qb3 a5 11. Rfd1 {N} (11. Rfc1 {Inf 32/576/}) 11... Na6 12. Nf1 Qe7 13. Ne3 Rfc8
14. Ne1 Bxg2 15. N1xg2 g6 16. Nf4 Kg7 17. a3 Rab8 $6 (17... Qe8 $1 18. axb4
Nxb4 $10 {Polugaevsky/}) 18. Nd3 $1 $14 {Polugaevsky,L-Salov,V/Reggio Emilia/
1991/1:0/76/}) (10. Qc2 $5 {Polugaevsky/}) 10... Nbd7 (10... a5 $5 {/\ 11...Na6
}) 11. Qb3 a5 12. a3 (12. Ne1 $5) 12... bxa3 13. Qxa3 Qc7 14. Rfd1 (14. b4 $5)
14... e5 15. Nb1 Ne4 $1 $10 16. dxe5 dxe5 (16... Nxe5 $6 17. Nxe5 dxe5 18. Bxe4
$1 Bxe4 19. Nc3 Bb7 20. Nd5 Qc5 21. Ne7+ Kh8 22. Qxc5 bxc5 23. Rd7 $16) 17. Qe7
$6 (17. Nc3 Nxc3 18. Qxc3 $10) 17... Bc6 $1 $15 (17... Rad8 18. Nxe5 $1 $16) (
17... Nec5 18. Nc3 Rae8 19. Qd6 $16) 18. Nc3 (18. Nxe5 $6 Qxe5 19. Rxd7 Qxb2
20. Rdd1 Qxe2 $17) 18... Rae8 19. Nd5 $6 (19. Qa3 $142 $15) 19... Bxd5 20. cxd5
Qxc1 21. Qxf8+ Kxf8 22. Rxc1 Ndc5 $17 23. Ne1 (23. Rc2 $142 f6 24. Nd2 $17)
23... Nd6 24. Bh3 e4 25. Ng2 Re5 26. Ne3 f5 27. Kf1 g5 28. Ke1 a4 29. Bg2 g4
30. Kd1 Ke7 31. Kc2 (31. h3 h5 32. hxg4 hxg4 33. Kc2 $17 {/\ 34.Rc1-h1}) 31...
Kd7 32. Kb1 h5 33. h4 $6 (33. h3) 33... Re8 34. Bf1 Ra8 35. Nc2 Nc4 36. Rd1 e3
$1 $19 37. fxe3 (37. Nxe3 Nxe3 38. fxe3 Re8 $19) 37... Re8 38. Bg2 Nxe3 39.
Nxe3 Rxe3 40. d6 Ne4 (40... Rxg3 $19) 41. Bxe4 fxe4 42. Rd5 Rxe2 43. Rxh5 Kxd6
44. Rg5 e3 45. Rxg4 Kd5 (45... a3 $2 46. bxa3 Rg2 47. Re4 e2 48. Kc1 $10) 46.
Kc1 Rh2 47. Kd1 b5 48. Rb4 Kc5 49. Re4 Rxb2 50. Rxe3 b4 51. Kc1 a3 52. h5 b3
0-1